000 00699nam a22002177i 4500
999 _c23017
_d23017
003 AR-CdUCM
008 240827b20212021 ag||||| |||| 00| 0 spa d
020 _a978-987-1301-79-9
040 _aMUNICIPALIDAD PROVINCIAL DEL CUSCO
_cBIBLIOTECA MUNICIPAL DEL CUSCO
082 _a191.5 / F82F
_bF82F
100 _aFrezza, Elena
_950280
245 _aFOCUS IN :
_bFocusing, El cuerpo sentido desde adentro /
260 _aArgentina :
_bGran Aldea Editores,
_c2021
300 _a381 páginas. :
_c23 cm
650 _aTécnicas psicoterapéuticas
_950281
650 _aFocusing
_950282
650 _aCoaching
_950238
650 _aMindfulness
_950274
942 _2ddc
_cLIBROS
945 _apbj
_d2024-08-27